La Nueva ronda de negociaciones de la Organización Mundial de Comercio /

Gardado en:
Detalles Bibliográficos
Autor Principal: Trápaga Delfín, Yolanda
Formato: Texto
Materias:
Etiquetas: Engadir etiqueta
Sen Etiquetas, Sexa o primeiro en etiquetar este rexistro!

MARC

LEADER 00000 a a2200000 04500
001 3483
003
040
100 |a Trápaga Delfín, Yolanda  
245 |a La Nueva ronda de negociaciones de la Organización Mundial de Comercio /  |c Yolanda Trápaga Delfín 
650 |a COMERCIO INTERNACIONAL  
650 |a GLOBALIZACION  
650 |a LIBERALIZACION DEL INTERCAMBIO  
773 |g volumen 50, número 11; páginas 988-996  
999 |c 26114  |d 26114